| 000 | 01642pam a2200241 4500 | ||
|---|---|---|---|
| 001 | 6098 | ||
| 020 |
_a9781471133442 _c |
||
| 100 | 1 |
_aByrne, Rhonda. _e |
|
| 245 | 1 | 0 |
_aHero / _cRhonda Byrne. |
| 264 | 1 |
_aLondon : _bSimon & Schuster, _c2013. |
|
| 300 |
_aix, 227 pages : _b _c19 cm. |
||
| 336 |
_astill image _2rdacontent. |
||
| 336 |
_atext _2rdacontent. |
||
| 337 |
_aunmediated _2rdamedia. |
||
| 338 |
_avolume _2rdacarrier. |
||
| 490 | 0 | _aThe secret. | |
| 504 | _aIncludes bibliographical references. | ||
| 505 | _aThe Dream -- The call to adventure -- Refusal of the call -- Finding your dream -- Follow your bliss -- The Hero -- Belief -- Vision -- The mind of a hero -- The heart of a hero -- The way of the hero -- Commitment -- The Quest -- The labyrinth -- Naysayers & allies -- The road of trials & miracles -- The supreme ordeal -- Victory -- The reward -- A life worth living -- The hero in you | ||
| 520 | _a"This is the story about why you are here on planet Earth. There is something special about you. There is something you were born to be and do that not one of the other seven billion of us was. There is a life you are meant to live; there is a journey you are meant to take. This book is about that journey. In this book twelve of the most successful people living in the world share their seemingly impossible stories, and reveal that you were born with everything you need to live your greatest dream, and that by doing so you will fulfill your mission and literally change the world" | ||
| 650 |
_aSelf-realization. _v _x _y _z _2 |
||
| 650 |
_aSuccess. _v _x _y _z _2 |
||
| 650 | 0 | _aSelf-actualization (Psychology) | |
| 999 |
_c5147 _d5147 |
||